Learning Resource and Development

Biochemistry for nurses / (Record no. 32237)

MARC details
000 -LEADER
fixed length control field 02154nam a2200301 i 4500
003 - CONTROL NUMBER IDENTIFIER
control field CSPC
005 - DATE AND TIME OF LATEST TRANSACTION
control field 20260416144059.0
008 - FIXED-LENGTH DATA ELEMENTS--GENERAL INFORMATION
fixed length control field 260407s2023 ii a 001 0 eng d
020 ## - INTERNATIONAL STANDARD BOOK NUMBER
International Standard Book Number 9789374734735
040 ## - CATALOGING SOURCE
Original cataloging agency CSPC
Language of cataloging eng
Transcribing agency CSPC
Description conventions rda
050 00 - LIBRARY OF CONGRESS CALL NUMBER
Classification number QP514.2
Item number .S537 2023
082 00 - DEWEY DECIMAL CLASSIFICATION NUMBER
Classification number 612.015
Item number Sh233b
Edition number 23
100 1# - MAIN ENTRY--PERSONAL NAME
Personal name Sharma, D.C.,
Relator term author.
245 10 - TITLE STATEMENT
Title Biochemistry for nurses /
Statement of responsibility, etc. D.C. Sharma and Manminder Riyat.
264 #1 - PRODUCTION, PUBLICATION, DISTRIBUTION, MANUFACTURE, AND COPYRIGHT NOTICE
Place of production, publication, distribution, manufacture Krishan Nagar, Delhi :
Name of producer, publisher, distributor, manufacturer AITBS Publishers, India,
-- Medical Publishers,
Date of production, publication, distribution, manufacture, or copyright notice 2023.
300 ## - PHYSICAL DESCRIPTION
Extent xiii,398 pages :
Other physical details illustrations ;
Dimensions 22 cm.
336 ## - CONTENT TYPE
Source rdacontent
Content type term text
337 ## - MEDIA TYPE
Source rdamedia
Media type term unmediated
338 ## - CARRIER TYPE
Source rdacarrier
Carrier type term volume
500 ## - GENERAL NOTE
General note Includes index.
505 0# - FORMATTED CONTENTS NOTE
Formatted contents note Introduction -- Chemistry -- Chemistry of cell -- Chemistry of tissues -- Chemistry of food -- Chemistry of carbohydrates -- Chemistry of lipids -- Chemistry of proteins -- Chemistry of nucleic acids -- Chemistry of enzymes -- Chemistry of blood: Hb, plasma, proteins, immunoglobulins -- Nutrition -- Vitamins -- Minerals -- Nutrition -- Metabolism -- Energy metabolism (Biological oxidation) -- Carbohydrate metabolism -- Lipid metabolism -- Protein metabolism -- Amino acid metabolism -- Nucleic acid metabolism -- Porphyrin metabolism -- Regulation of metabolism -- Hormones -- Acid base balance -- Water and electrolyte balance -- Metabolism and disease -- Diabetes mellitus -- Cancer -- Aids -- Inborn errors of metabolism -- Miscellneous -- Detoxication -- Organ function tests -- Fertilization -- Specimen collection -- Summary.
520 ## - SUMMARY, ETC.
Summary, etc. "Now-a-days, biochemistry is a core subject, the understanding of which is essential for learning of other branches of medicine. This book is written in simple and easy language as per syllabus of nursing council of India and is profusely illustrated which makes its reading a pleasure"-- Back cover.
650 #0 - SUBJECT ADDED ENTRY--TOPICAL TERM
Topical term or geographic name entry element Biochemistry.
650 #0 - SUBJECT ADDED ENTRY--TOPICAL TERM
Topical term or geographic name entry element Clinical biochemistry.
700 1# - ADDED ENTRY--PERSONAL NAME
Personal name Riyat, Manminder,
Relator term author.
942 ## - ADDED ENTRY ELEMENTS (KOHA)
Source of classification or shelving scheme Dewey Decimal Classification
Koha item type Books
Edition 23
Classification part 612.015
Item part Sh233b
Call number prefix NUR
Call number suffix 2023
Suppress in OPAC No
Holdings
Withdrawn status Lost status Source of classification or shelving scheme Damaged status Not for loan Home library Current library Shelving location Date acquired Total Checkouts Full call number Barcode Date last seen Copy number Price effective from Koha item type
    Dewey Decimal Classification     Main Library Main Library Nursing Section 04/07/2026   NUR 612.015 Sh233b 2023 031579 04/07/2026 1-1 04/07/2026 Books